Statistiques concernant Toutes les equipes de ligue 1 depuis 2000

Cliquez ici pour prendre le quiz!

Statistiques générales

  • Ce quiz a été pris 482 fois
    (452 depuis la dernière actualisation)
  • Le résultat moyen est 33 sur 40

Statistiques - réponses

Top Positions depuis 2000Equipes% Correct
1erLyon
99%
1erMarseille
99%
1erPSG
99%
1erLille
98%
1erBordeaux
97%
3emeRennes
97%
1erMonaco
96%
1erMontpellier
96%
6emeNantes
96%
3emeToulouse
96%
4emeSaint-Etienne
95%
2emeLens
94%
3emeNice
93%
9emeStrasbourg
93%
10emeBrest
91%
14emeAC Ajaccio
90%
14emeMetz
89%
3emeAuxerre
87%
8emeBastia
87%
7emeLorient
86%
9emeAngers
84%
5emeReims
84%
4emeNancy
80%
17emeTroyes
80%
7emeGuingamp
78%
9emeNimes
78%
7emeCaen
77%
11emeDijon
77%
5emeSochaux
77%
18emeLe Havre
75%
13emeGrenoble
74%
13emeAmiens
73%
9emeEvian
72%
10emeValenciennes
71%
20emeArles-Avignon
58%
5emeSedan
58%
9emeLe Mans
56%
19emeGazelec Ajaccio
51%
19emeBoulogne
43%
20emeIstres
42%

Distribution des résultats

Percentile par nombre de réponses

% des personnes avec chaque résultat

Votre développement - résultats

Vous n’avez pas pris ce quiz depuis la dernière actualisation